L'oeil humain - Statistiques

Statistiques générales
  • Ce quiz a été pris 113 fois
    54 depuis la dernière actualisation
  • Le résultat moyen est 17 sur 35
Statistiques - réponses
Description Maladies oculaires % Correct
Lentille convergente à l'intérieur de l'oeil, permettantune vision nette Cristallin
95%
Membrane de couleur bleue, verte ou marron Iris
95%
Trou dont le diamètre varie selon l'intensité lumineuse,elle peut être contractée ou dilatée Pupille
91%
Membrane posée au fond de l'oeil, dotée de récepteurssensibles à la lumière; l'image s'y forme Rétine
91%
Lentille convergente naturelle posée sur l'oeil Cornée
82%
Difficulté à voir de loin (yeux trop profonds) Myopie
77%
Il permet de transmettre les informations de la rétinevers le cerveau Nerf optique
68%
Lésion du cristallin entraînant son opacification Cataracte
64%
Liquide présent dans le globe oculaire, en arrière ducristallin Humeur vitrée
64%
Difficulté à voir de près (yeux trop peu profonds) Hypermétropie
59%
Liquide présent entre la cornée et le cristallin Humeur aqueuse
59%
Partie regroupant le plus de photorécepteurs sur larétine, elle permet la vision centrale, fine et détaille Macula
59%
Inflammation ou infection de la conjonctive (coucheextérieure du blanc de l'oeil) Conjonctivite
55%
Difficulté à voir de loin comme de près (anomalie decourbure de la cornée) Astigmatisme
55%
Perte de souplesse du cristallin qui rendl'accommodation difficile Presbytie
55%
Structure principale de l'oeil, de forme sphérique et d'une grande robustesse Sclère (ou sclérotique)
50%
Inflammation de l'uvée (couche intermédiaire du blancde l'oeil) Uvéite
50%
Partie la plus centrale de cette dernière, regroupant uniquement des cônes. Elle est indispensable pour la lecture et la reconnaissance des visages. Fovéa
45%
Inflammation ou infection de la cornée Kératite
45%
Il peut être convergent ou divergent, et entraine parfoisune vision double. Strabisme
45%
Dégradation rapide du nerf optique due à l'augmentation brutale de la pression intra-oculaire Glaucome à angle fermé (Glaucome aigu)
41%
Dégradation lente du nerf optique due à l'augmentation progressive de la pression intra-oculaire Glaucome à angle ouvert (Glaucome chronique)
41%
Fine membrane entourant cette dernière Conjonctive
36%
Perte de vision centrale due à l'amincissement de la macula (généralement à un âge avancé) Dégénérescence maculaire liée à l'âge atrophique (DMLA sèche)
36%
Perte de vision centrale due à la croissance devaisseaux sanguins anormaux sous la macula (généralement à un âge avancé) Dégénérescence maculaire liée à l'âge exsudative (DMLA humide)
36%
Formation de vaisseaux sanguins anormaux sur et/ousous la rétine, concernant les personnes diabétiques Rétinopathie diabétique
32%
Si cette dernière a lieu chez un enfant, il se peut que le cerveau ignore l'oeil plus faible, le développement de ce dernier se trouve freiné, ce qui donne lieu à une Amblyopie
27%
Elles permettent de renouveler régulièrement le sangalimentant la rétine Veine/Artère centrales
27%
Différence de réfraction, un oeil est un peu plus performant que l'autre Anisométropie
18%
Traitement permettant de ralentir efficacement la DMLA humide et la rétinopathie diabétique Anti-VEGF
14%
Dégradation des photorécepteurs rétiniens due à unregard excessivement prolongé vers le Soleil (très rare en pratique) Rétinopathie solaire
14%
Opération consistant à extraire le corps vitré notamment pour intervenir sur la rétine (par exemple, pour la replacer après un décollement) Vitrectomie
9%
Domaine de traitement qui concerne les greffes de cornée Kératoplastie
5%
Opération permettant de corriger définitivement (ou presque) la vision en remodelant la cornée. Laser (LASIK, PKR, SMILE)
5%
Thérapie consistant à porter des lentilles rigides la nuit de façon à freiner la myopie, notamment chez les enfants Orthokératologie
5%
Aucun quiz correspondant
Distribution des résultats
% des personnes avec chaque résultat
Percentile par nombre de réponses
Votre historique - résultats
Vous n’avez pas pris ce quiz depuis la dernière actualisation